000 00352cam a22001217a 4500
008 180718b1958 xxu||||| |||| 00| 0 eng d
082 _aK12x54 R812
100 _aRoy, Naresh Chandra
245 _aCivil service in India
_cby Naresh Chandra Roy
260 _aCalcutta
_bFirma K. L. Mukhopadhyay
_c1958
300 _a328p.
650 _aCivil service --India
999 _c431677
_d431677